საქართველო და საერთაშორისო სამართალი : (ბიბ.ჩანაწერი № 59429)
[ მარტივი ფორმატი ]
| 000 -ლიდერი | |
|---|---|
| ფიქსირებული სიგრძის საკონტროლო ველი | 00868nam a22001817a 4500 |
| 003 - საკონტროლო ნომრის იდენტიფიკატორი | |
| საკონტროლო ველი | Ge_BSU |
| 005 - ბოლო ოპერაციის თარიღი და დრო | |
| საკონტროლო ველი | 20230215150937.0 |
| 008 - ფიქსირებული სიგრძის მონაცემთა ელემენტები - ზოგადი ინფორმაცია | |
| ფიქსირებული სიგრძის საკონტროლო ველი | 230215s2001 ge ||||| |||| 00| 0 geo d |
| 020 ## - წიგნის საერთაშორისო სტანდარტული ნომერი | |
| International Standard Book Number | 9992881801 |
| Terms of availability | |
| 041 ## - ენის კოდი | |
| Language code of text/sound track or separate title | geo |
| 080 ## - უნივერსალური ათობითი კლასიფიკაციის ინდექსი | |
| Universal Decimal Classification number | 341 : 327(479.22) ს-32 |
| 245 ## - ცნობა სათაურის შესახებ | |
| Title | საქართველო და საერთაშორისო სამართალი : |
| Remainder of title | (სტატიათა კრებული) / |
| Statement of responsibility, etc | [რედ.: კონსტანტინე კორკელია, ირაკლი სესიაშვილი]. |
| Medium | |
| 264 ## - წარმოების, გამოცემის, დისტრიბუციის და სხვა ცნობები | |
| გამოცემის, წარმოების, დისტრიბუციის... ადგილი | თბილისი : |
| გამოცემის, წარმოების, დისტრიბუციის... სახელწოდება | საია, |
| გამოცემის, წარმოების, დისტრიბუციის... თარიღი | 2001. |
| 300 ## - ფიზიკური აღწერა | |
| Extent | 276 გვ.; |
| Other physical details | 20 სმ. |
| 653 ## - INDEX TERM--UNCONTROLLED | |
| Uncontrolled term | საერთაშორისო სამართალი |
| 700 ## - ADDED ENTRY--PERSONAL NAME | |
| Personal name | კორკელია, კონსტანტინე |
| Relator term | რედაქტორი |
| 9 (RLIN) | 539 |
| 942 ## - ADDED ENTRY ELEMENTS (KOHA) | |
| Source of classification or shelving scheme | |
| Koha item type | წიგნი |
| ჩამოწერის სტატუსი | დაკარგული ეგზემპლარის სტატუსი | კლასიფიკაციის წყარო ან თაროზე გაწყობის სქემა | დაზიანების სტატუსი | არ გაიცემა | მუდმივი მდებარეობა (დაცვის ადგილი) | ამჟამინდელი ადგილსამყოფელი | თაროზე განთავსების ადგილი | შეძენის თარიღი | ღირებულება, შესყიდვის ნორმალური ფასი | სრული შენახვის შიფრი | შტრიხკოდი | ბოლო ოპერაციის თარიღი | ეგზემპლარის მიმდევრობითი ნომერი (კეტერი?) | ფასის ძალაში შესვლის თარიღი | ეგზემპლარის სახეობა | საჯარო შენიშვნა |
|---|---|---|---|---|---|---|---|---|---|---|---|---|---|---|---|---|
| ბათუმის შოთა რუსთაველის სახელმწიფო უნივერსიტეტის მთავარი ბიბლიოთეკა | ბათუმის შოთა რუსთაველის სახელმწიფო უნივერსიტეტის მთავარი ბიბლიოთეკა | წიგნსაცავი | 2023-02-15 | 6.00 | 341 : 327(479.22) ს-32 | 63809 | 2023-02-15 | 63809 | 2023-02-15 | წიგნი | 6 ლ. | |||||
| ბათუმის შოთა რუსთაველის სახელმწიფო უნივერსიტეტის მთავარი ბიბლიოთეკა | ბათუმის შოთა რუსთაველის სახელმწიფო უნივერსიტეტის მთავარი ბიბლიოთეკა | წიგნსაცავი | 2023-02-15 | 6.00 | 341 : 327(479.22) ს-32 | 63810 | 2023-02-15 | 63810 | 2023-02-15 | წიგნი | 6 ლ. | |||||
| ბათუმის შოთა რუსთაველის სახელმწიფო უნივერსიტეტის მთავარი ბიბლიოთეკა | ბათუმის შოთა რუსთაველის სახელმწიფო უნივერსიტეტის მთავარი ბიბლიოთეკა | წიგნსაცავი | 2023-02-15 | 6.00 | 341 : 327(479.22) ს-32 | 63811 | 2023-02-15 | 63811 | 2023-02-15 | წიგნი | 6 ლ. | |||||
| ბათუმის შოთა რუსთაველის სახელმწიფო უნივერსიტეტის მთავარი ბიბლიოთეკა | ბათუმის შოთა რუსთაველის სახელმწიფო უნივერსიტეტის მთავარი ბიბლიოთეკა | წიგნსაცავი | 2023-02-15 | 6.00 | 341 : 327(479.22) ს-32 | 63812 | 2023-02-15 | 63812 | 2023-02-15 | წიგნი | 6 ლ. |
